Púchovské premeny

Bibliographic Details
Main Author: Ivančík, Eduard (Author)
Format: Article
Language:Slovak
PhysicalDescription:Obr.3.
Subjects:

MARC

LEADER 00000nab a2200000 a 4500
001 vtls000265385
003 SK-MaSNL
005 20260302214057.0
008 111130c1986 xo 0 slo
015 |a SNBRB19rr/mm-uuuuu 
035 |a CL0275499 
040 |a SNKBUCL  |b slo  |c SNKBUCL  |e AACR2 
041 0 |a slo 
044 |a xo  |c SK 
080 |a 352  |2 1981 
100 1 |a Ivančík, Eduard  |4 aut  |9 939392 
245 1 0 |a Púchovské premeny  |c Eduard Ivančík 
300 |b Obr.3. 
650 0 7 |a výbory národné mestské  |2 snkbucl  |9 924433 
651 7 |a 5307  |2 snkbucl  |9 284648 
651 7 |a Púchov (Slovensko)  |2 snkbucl  |9 29506 
655 7 |a články z novín a časopisov  |2 snkbucl  |9 267496 
773 0 |t Národné výbory  |g Č. 24 (1986), s. 16-17 
850 |a Slovenská národná knižnica v Martine  |a MTA001 
852 |a SNK  |b KIS3GCP 
958 |a RK 
992 |a RBX 
999 |c 1496243  |d 1498173